00692nam a2200193 a 450000100100000000500170001000800410002702000150006804000250008308200150010810000400012324500750016326000460023830000210028449000280030583000350033395201130036899900170048100002050820200930011124.0100322s2006 cu 000 0 spa d a9592585547 aDO-SdBNPbspacBNPHU axxxxbR6381 aRojas Benítez, José Luis94322110aDiseño de servicios de información /cJosé Luis Rojas Benítez. aLa Habana, Cuba :bFéliz Varela,c2006. a119 p. ;c24 cm.0 aSelección de lecturas 0aSelección de lecturas943201 001050718MOaGRbGRcCTd2017-10-04iLF1l0oxxxx R638p20508-10r2020-06-25w2020-06-25y1ZNo se presta c20012d20012